| 000 | 00628aam a2200217 4500 | ||
|---|---|---|---|
| 005 | 20161103103726.0 | ||
| 008 | 150721b xxu||||| |||| 00| 0 spa d | ||
| 041 | _aEspañol | ||
| 082 | _a651.53 V693c | ||
| 100 |
_aVázquez Murillo, Manuel _916326 |
||
| 245 | _aComo seleccionar documentos de archivo | ||
| 260 |
_aArgentina _bAlfaomega _c2006 |
||
| 300 | _a192 páginas | ||
| 500 | _aTomo No. 4 | ||
| 650 |
_aSISTEMAS ARCHIVISTICOS _97366 |
||
| 650 |
_aARCHIVONOMÍA _92575 |
||
| 650 |
_aARCHIVISTICA _911040 |
||
| 650 |
_aSELECCIÓN DE DOCUMENTOS _916334 |
||
| 650 |
_aVALORES DE LOS DOCUMENTOS _916335 |
||
| 942 | _cBK | ||
| 999 |
_c1986 _d1986 |
||